|
|
|
|
| LEADER |
00000nab a2200000 a 4500 |
| 001 |
vtls000534399 |
| 003 |
SK-MaSNL |
| 005 |
20260303185012.0 |
| 008 |
120928c1994 xo 0 slo |
| 015 |
|
|
|a SNBRB19rr/mm-uuuuu
|
| 035 |
|
|
|a CL0534537
|
| 040 |
|
|
|a SNKBUCL
|b slo
|c SNKBUCL
|e AACR2
|
| 041 |
0 |
|
|a slo
|
| 044 |
|
|
|a xo
|c SK
|
| 080 |
|
|
|a 75.071.1
|2 1981
|
| 080 |
|
|
|a 76.071.1
|2 1981
|
| 100 |
1 |
|
|a Lacika, Ivan
|4 aut
|9 277239
|
| 245 |
1 |
0 |
|a Vyslanci našej kultúry
|b Ľubo Zelina a Zuzana Hložníková
|c Ivan Lacika
|
| 300 |
|
|
|b Fotogr. 6
|
| 600 |
1 |
7 |
|a Zelina, Ľubo,
|d 1943-2016
|2 snkbucl
|9 168141
|
| 600 |
1 |
7 |
|a Hložníková, Zuzana,
|d 1952-
|2 snkbucl
|9 113978
|
| 655 |
|
7 |
|a články z novín a časopisov
|2 snkbucl
|9 267496
|
| 700 |
1 |
|
|a Hložníková, Zuzana,
|d 1952-
|4 aut
|9 113978
|
| 700 |
1 |
|
|a Zelina, Ľubo,
|d 1943-2016
|4 aut
|9 168141
|
| 773 |
0 |
|
|t Slovensko
|g Roč. 17, č. 6 (1994), s. 19-22
|x 0231-7303
|
| 850 |
|
|
|a Slovenská národná knižnica v Martine
|a MTA001
|
| 852 |
|
|
|a SNK
|b KIS3GCP
|
| 992 |
|
|
|a RBX
|
| 999 |
|
|
|c 2129337
|d 2131267
|